000 00830nam a2200205 a 4500
005 20161012170332.0
008 161012s2002 ck d||||r|||| 00| 0 spa d
020 _a9583356441
040 _aCO-BoIAVH
_cCO-BoIAVH
041 0 _aspa
044 _ack
082 0 4 _a631.5
_bL75e
245 0 0 _aLineamientos para la especialización hortifrutícola del Valle del Cauca
_bresumen ejecutivo
260 _aSantiago de Cali :
_bGobernación del Valle del Cauca :
_bSecretaría de Agricultura y Pesca :
_bPNUD,
_c2002.
300 _a58 páginas :
_btablas ;
_c24 x 17 cm.
650 2 6 _aHorticultura
_zColombia
_zValle del Cauca (Departamento)
650 2 6 _aFruticultura
_zColombia
_zValle del Cauca (Departamento)
710 2 _aDepartamento del Valle del Cauca
_bSecretaría de Agricultura y Pesca
942 _cLIBRO
_2ddc
999 _c5546
_d5546